الصحافة العربية : (رقم التسجيلة. 6208)

تفاصيل مارك
000 -LEADER
fixed length control field 00622nam a22001817a 4500
005 - DATE AND TIME OF LATEST TRANSACTION
control field 20251108164211.0
008 - FIXED-LENGTH DATA ELEMENTS--GENERAL INFORMATION
fixed length control field 250721s1989 xx 000 0 ara d
082 14 - DEWEY DECIMAL CLASSIFICATION NUMBER
Classification number 071.56/روو
100 1# - MAIN ENTRY--PERSONAL NAME
Personal name روو، وليم ايه
245 10 - TITLE STATEMENT
Title الصحافة العربية :
Remainder of title الإعلام الإخباري و عجلة السياسة في العالم العربي /
264 1# - PRODUCTION, PUBLICATION, DISTRIBUTION, MANUFACTURE, AND COPYRIGHT NOTICE
Place of production, publication, distribution, manufacture عمان :
Name of producer, publisher, distributor, manufacturer مركز الكتب الاردني،
Date of production, publication, distribution, manufacture, or copyright notice 1989.
300 ## - PHYSICAL DESCRIPTION
Extent 277ص
650 17 - SUBJECT ADDED ENTRY--TOPICAL TERM
Topical term or geographic name as entry element الصحافة
650 17 - SUBJECT ADDED ENTRY--TOPICAL TERM
Topical term or geographic name as entry element البلدان العربية
700 1# - ADDED ENTRY--PERSONAL NAME
Personal name الكيلاني، موسى
Relator term ترجمة
942 ## - ADDED ENTRY ELEMENTS (KOHA)
Source of classification or shelving scheme Dewey Decimal Classification
Koha item type كتب
المقتنيات
حالة السحب حالة الفقدان مصدر التصنيف حالة التلف غير قابل للإعارة المكتبة الرئيسية المكتبة الحالية موقع الرف تاريخ التزويد الرقم المتسلسل Total Checkouts رقم الإستدعاء تاريخ آخر ظهور تاريخ الفاتورة نوع المادة (كوها) الباركود
    Dewey Decimal Classification Unchecked   المكتبة المركزية المكتبة المركزية مقتنيات قسم التزويد 06/07/2004 148442   071.56/روو 28/07/2025 06/07/2004 كتب  
    Dewey Decimal Classification     مكتبة الاميرة بديعة مكتبة الاميرة بديعة الإعارة 28/07/2025 656607   071.56/روو 28/07/2025 28/07/2025 كتب 656607
    Dewey Decimal Classification     مكتبة حمزة العامة مكتبة حمزة العامة الإعارة 29/10/2015 [4815]...   071.56/روو 28/07/2025 29/10/2015 كتب PLD00361134
    Dewey Decimal Classification     مكتبة صويلح العامة مكتبة صويلح العامة الإعارة 28/07/2025 656603   071.56/روو 28/07/2025 28/07/2025 كتب 656603
Implemented & Customized by: BBB with SCIT (Smart Chains for Information Technology)

Powered by Koha